| 000 | 00542 a2200193 4500 | ||
|---|---|---|---|
| 999 |
_c32019 _d32019 |
||
| 003 | OSt | ||
| 005 | 20260115172551.0 | ||
| 008 | 260115b ||||| |||| 00| 0 eng d | ||
| 020 | _a978-81-317-1134-7 | ||
| 040 | _c. | ||
| 082 |
_a006.3 _bB824 |
||
| 100 |
_96499 _aBratko, Ivan |
||
| 245 |
_aProlog : Programming For Artificial Intelligence / _cby Ivan Bratko |
||
| 250 | _a3rd ed. | ||
| 260 |
_bPearson India Education Services Pvt Ltd, _aIndia : _c2001. |
||
| 300 | _a678 p. | ||
| 650 | 0 |
_93233 _aArtificial intelligence |
|
| 942 |
_2ddc _cBK |
||